000 00587nam a2200229Ia 4500
003 OSt
005 20221005132249.0
006 a|||||r|||| 00| 0
007 ta
008 221004b |||||||| |||| 00| 0 mal d
024 _a54577
037 _cTextual
040 _aCRL
_cCRL
_bmal
041 _2mal
_amal
082 _aO32,1L05,17, H4
100 _aKunchan Nambiar
_9640826
245 0 _aTheripura dehanam
260 _c1944
650 _aMALAYALAM LITERATURE
_938866
942 _hO32,1L05,17, H4
_cTEXL
_2cc
999 _c1063077
_d1063077